Anton Špiesz: Remeslá, cechy a manufaktúry na Slovensku

Bibliographic Details
Main Authors: Paličková-Pátková, Jarmila, 1930-1996 (Author), Špiesz, Anton, 1930-1993 (Author)
Format: Article
Language:Slovak
Subjects:

MARC

LEADER 00000nab a2200000 a 4500
001 vtls000223705
003 SK-MaSNL
005 20260426094416.0
008 250422c1985 xo 0 slo
015 |a SNBRB19rr/mm-uuuuu 
035 |a CL0233819 
035 |a urn:nbn:sk:snk-ab5y2 
035 |a (urnnbn)urn:nbn:sk:snk:ar-a035wn 
035 |a (uuid)f197175e-36a8-460b-94a0-98a77c7f5f0c 
040 |a SNKBUCL  |b slo  |c SNKBUCL  |e AACR2 
041 0 |a slo 
044 |a xo  |c SK 
080 |a 67/68(437.6)(091)  |2 1981 
080 |a 331.885  |2 1981 
080 |a 334.743.6  |2 1981 
100 1 |a Paličková-Pátková, Jarmila,  |d 1930-1996  |4 aut  |9 204288 
245 1 0 |a Anton Špiesz: Remeslá, cechy a manufaktúry na Slovensku  |c Jarmila Paličková-Pátková ; Anton Spiesz 
650 0 7 |a remeslá  |2 snkbucl  |9 4998 
650 0 7 |a cechy  |2 snkbucl  |9 2108 
650 0 7 |a manufaktúry  |2 snkbucl  |9 30598 
651 7 |a Slovensko  |2 snkbucl  |9 14231 
655 7 |a články z novín a časopisov  |2 snkbucl  |9 267496 
700 1 |a Špiesz, Anton,  |d 1930-1993  |4 aut  |9 92178 
773 0 |t Slovenský národopis  |g Roč. 33, č. 2-3 (1985), s. 636-638 
787 0 8 |i Rec.:  |a Špiesz, Anton  |t Remeslá, cechy a manufaktúry na Slovensku  |d Martin : Osveta, 1983 
850 |a Slovenská národná knižnica 
852 |a Slovenská národná knižnica 
954 |a odborná, vedecká literatúra pôvodná (slovenská)  |2 lita 
958 |a article27 
958 |a RK 
958 |a OND 
958 |a EUIPO 
992 |a RBX 
999 |c 3135531  |d 3137461